000 01298cam a2200385 a 4500
001 21037
003 VRT
005 20260210162404.0
008 240318s2012 xo g 000 f slo
015 _aSNBA2014/04
020 _a9788081141690
_q(brož.)
039 9 _a202511041720
_bcsnk01
_c202403181535
_dVLOAD
_c201404281408
_dmsnk24
_c201404281140
_dmsnk24
040 _aSNK
_bslo
_cSNK
_eAACR2
041 0 _aslo
044 _axo
_cSK
072 7 _a821.162.4-3
_xSlovenská próza
_2konspekt
080 _a821.162.4-31
_22001
080 _a(0:82-312.4)
_22001
100 1 _aHlavatá, Dana
_4aut
245 1 0 _aMilenec na úver
_cDana Hlavatá
250 _a1. vyd.
260 _aBratislava
_bMarenčin PT
_c2012
300 _a286 s.
_c17 cm
655 7 _aslovenské romány
_2SNKPH
655 7 _adetektívne romány
_2SNKPH
655 7 _aSlovak fiction
_2SNKPHeng
655 7 _aDetective novels
_2SNKPHeng
942 _2ddc
_cKLDO
_n0
949 _6270001000443115
_asvkbbA 137662-a
_bsvkbbm 743925
949 _6273K0570557
_asvkpoA 220893
_bsvkpo571575
949 _617A1108415
_asnkSD 83103
_bsnk2014/9403
_o873/14
949 _617A1107416
_asnkSD 83103 D1
_bsnk2014/9405
_o873/14
949 _6270001000409489
_asvkbbA 137662
_bsvkbbm 734621
949 _62889210143
_asavukPV 18910
_bsavuk2014/1628
999 _c21037
_d21037